000 00679nam a2200193 a 4500
001 000021176
005 20200930011244.0
008 100901s1967 ve r 000 p spa d
040 _aDO-SdBNP
_bspa
_cBNPHU
082 _aV861.44
_bB214c
100 1 _aBandres, Jesús
_944267
245 1 0 _aCantaro roto /
_cJesús Bandres; prólogo de Rafael Ramón Castellanos.
260 _aCaracas, (Venezuela) :
_bBiblioteca de Temas y Autores Guariqueños,
_c1967.
300 _a139 p. ;
_c22 cm.
490 1 _aBiblioteca de Temas y Autores Guariqueños;
_v2
650 4 _aPoesía española
_9631
650 4 _aLiteratura española
_9632
700 1 _aCastellanos, Rafael Ramón
_epról.
_939920
999 _c20677
_d20677